000 01160cam a2200289 a 4500
999 _c330281
_d330281
001 3051889
003 NUST
005 20170616101656.0
008 960321s1997 nyua b 001 0 eng
010 _a 96015477
020 _a0471124443 (cloth : alk. paper)
040 _aDLC
_cDLC
_dDLC
050 0 0 _aTD430
_b.D78 1997
082 0 0 _a628.162 DRO
_220
100 1 _aDroste, Ronald L.
_92786
245 1 0 _aTheory and practice of water and wastewater treatment /
_cRonald L. Droste.
260 _aNew York :
_bJ. Wiley,
_c1997.
300 _axiv, 800 p. :
_bill. ;
_c27 cm.
500 _aH.B
504 _aIncludes bibliographical references and index.
650 0 _aWater
_xPurification.
_9264
650 0 _aSewage
_xPurification.
_9265
856 4 2 _3Publisher description
_uhttp://www.loc.gov/catdir/description/wiley034/96015477.html
856 4 _3Table of Contents
_uhttp://www.loc.gov/catdir/toc/onix05/96015477.html
906 _a7
_bcbc
_corignew
_d1
_eocip
_f19
_gy-gencatlg
942 _2ddc
_cBK
_kIESE